Students learners dictionary of english (Record no. 194160)

000 -LEADER
fixed length control field 00444nam a22001697a 4500
005 - DATE AND TIME OF LATEST TRANSACTION
control field 20221116140015.0
008 - FIXED-LENGTH DATA ELEMENTS--GENERAL INFORMATION
fixed length control field 221116b ||||| |||| 00| 0 eng d
020 ## - INTERNATIONAL STANDARD BOOK NUMBER
International Standard Book Number 0195673484
040 ## - CATALOGING SOURCE
Transcribing agency AACR2
082 ## - DEWEY DECIMAL CLASSIFICATION NUMBER
Classification number 423.002 OXF
100 ## - MAIN ENTRY--PERSONAL NAME
Personal name Oxford Press
9 (RLIN) 14248
245 ## - TITLE STATEMENT
Title Students learners dictionary of english
260 ## - PUBLICATION, DISTRIBUTION, ETC.
Place of publication, distribution, etc. New Delhi
Name of publisher, distributor, etc. Oxford press
Date of publication, distribution, etc. 2014
300 ## - PHYSICAL DESCRIPTION
Extent 766p.
650 ## - SUBJECT ADDED ENTRY--TOPICAL TERM
Topical term or geographic name entry element English Dictionary
9 (RLIN) 13228
942 ## - ADDED ENTRY ELEMENTS (KOHA)
Source of classification or shelving scheme
Koha item type Gift Books
Holdings
Withdrawn status Lost status Source of classification or shelving scheme Damaged status Not for loan Collection code Home library Current library Shelving location Date acquired Total Checkouts Full call number Barcode Date last seen Price effective from Koha item type
          Humanity Science Central Library Central Library Book Cart 11/16/2022   423.002 OXF GF1484 11/17/2022 11/16/2022 Gift Books

Powered by Koha